| 000 | 01262nam a2200337Ia 4500 | ||
|---|---|---|---|
| 001 | ebr10567144 | ||
| 003 | CaPaEBR | ||
| 006 | m u | ||
| 007 | cr cn||||||||| | ||
| 008 | 010703s2001 enk sb 001 0 eng d | ||
| 010 | _z 2001271639 | ||
| 020 | _z0761966587 | ||
| 020 | _z0761966595 | ||
| 020 | _z9780761966593 | ||
| 020 | _z9781446266120 | ||
| 040 |
_aCaPaEBR _cCaPaEBR |
||
| 035 | _a(OCoLC)606058366 | ||
| 050 | 1 | 4 |
_aJC330 _b.S74 2001eb |
| 082 | 0 | 4 |
_a303.3 _221 |
| 100 | 1 |
_aStewart, Angus, _cM.A. |
|
| 245 | 1 | 0 |
_aTheories of power and domination _h[electronic resource] : _bthe politics of empowerment in late modernity / _cAngus Stewart. |
| 260 |
_aLondon ; _aThousand Oaks [Calif.] : _bSAGE, _c2001. |
||
| 300 | _avii, 270 p. | ||
| 504 | _aIncludes bibliographical references and index. | ||
| 533 |
_aElectronic reproduction. _bPalo Alto, Calif. : _cebrary, _d2011. _nAvailable via World Wide Web. _nAccess may be limited to ebrary affiliated libraries. |
||
| 650 | 0 | _aPower (Social sciences) | |
| 650 | 0 | _aPolitical science. | |
| 655 | 7 |
_aElectronic books. _2local |
|
| 710 | 2 | _aebrary, Inc. | |
| 856 | 4 | 0 |
_uhttp://site.ebrary.com/lib/rucke/Doc?id=10567144 _zAn electronic book accessible through the World Wide Web; click to view |
| 999 |
_c200576 _d200576 |
||